Holding worlds together : ethnographies of knowing and belonging

Αποθηκεύτηκε σε:
Λεπτομέρειες βιβλιογραφικής εγγραφής
Άλλοι συγγραφείς: Lien, Marianne E. (Επιμελητής έκδοσης), Melhuus, Marit (Επιμελητής έκδοσης)
Μορφή: Βιβλίο
Γλώσσα:English
Δημοσίευση: New York : Berghahn Books, 2007
Θέματα:
Ετικέτες: Προσθήκη ετικέτας
Δεν υπάρχουν, Καταχωρήστε ετικέτα πρώτοι!

MARC

LEADER 00000cam a2200000 i 4500
001 1/3080
008 100114s2007 eng d
020 |a 978-1-84545-250-6 (hbk.) 
020 |a 1-84545-250-X (hbk.) 
035 |l 10106249 
040 |a GR-MY-UA  |b gre  |e aacr 
041 0 |a eng 
082 0 |a 305.8001  |2 (22) 
245 1 0 |a Holding worlds together :  |b ethnographies of knowing and belonging /  |c edited by Marianne Elisabeth Lien and Marit Melhuus 
260 |a New York :   |b Berghahn Books,   |c 2007 
300 |a xxiii, 215 σ.;  |b εικ.;  |c 24 εκ. 
504 |a Περιέχει βιβλιογραφικές παραπομπές και ευρετήριο 
650 0 0 |a Ethnology  |x Philosophy. 
650 0 0 |a Ethnology  |x Methodology. 
650 0 0 |a Cross-cultural orientation. 
650 0 0 |a Social structure. 
650 0 0 |a Social mobility. 
650 0 0 |a Social change. 
650 0 0 |a Culture and globalization. 
700 1 |a Lien, Marianne E.  |4 edt 
700 1 |a Melhuus, Marit.  |4 edt 
852 |a INST  |b LESVOS  |e 20100114  |h 305.8001 HOL  |p 005100045854  |q 005100045854  |t BK  |y 0 
901 |a BIBL1-2010-1 
909 |a Λ  |b 160120 
970 |a ΓΙΑΛΑΜΑ  |b ΜΑΡΙΑ  |z 2010/01/14